000 00305nam a22001457a 4500
003 SGT
082 _a346.4202,FUR
100 _aFURMSTON,M.P
245 _aLAW OF CONTRACT
250 _a16TH
260 _aNEW DELHI
_bOXFORD
_c2013
300 _a831
650 _aPRIVATE LAW, CONTRACT
942 _2ddc
_cBK
_01
999 _c9546
_d9546